| 000 | 00633cam a22001934a 4500 | ||
|---|---|---|---|
| 020 | _a1559638346 (cloth : alk. paper) | ||
| 020 | _a1559638354 (pbk. : alk. paper) | ||
| 040 | _cDLC | ||
| 082 | 0 | 0 | _a338 ISL 2001 A075 Or. |
| 100 | 1 | _aMyers, Norman. | |
| 245 | 1 | 0 |
_aPerverse subsidies : _bhow tax dollars can undercut the environment and the economy / |
| 260 |
_aWashington, DC : _bIsland Press, _cc2001. |
||
| 300 |
_axviii, 277 p. ; _c23 cm. |
||
| 650 | 0 | _aSubsidies | |
| 650 | 0 | _aEnvironmental degradation | |
| 700 | 1 | _aKent, Jennifer, | |
| 856 | 4 | 2 | _uhttp://www.loc.gov/catdir/enhancements/fy0666/00012384-d.html |
| 942 | _cEK | ||
| 999 |
_c15267 _d15267 |
||